Spreadsheets for valuations (Record no. 115049)

MARC details
000 -LEADER
fixed length control field 00844cam a22002535a 4500
001 - CONTROL NUMBER
control field L157977
008 - FIXED-LENGTH DATA ELEMENTS--GENERAL INFORMATION
fixed length control field 130918s2013 xxk f 000 0 eng d
020 ## - INTERNATIONAL STANDARD BOOK NUMBER
International Standard Book Number 9781783210220
035 ## - SYSTEM CONTROL NUMBER
System control number (Sirsi) u157977
041 0# - LANGUAGE CODE
Language code of text/sound track or separate title eng
100 1# - MAIN ENTRY--PERSONAL NAME
Personal name Ben-Nathan, Paul
245 00 - TITLE STATEMENT
Title Spreadsheets for valuations
Remainder of title 50 worked examples using microsoft office excel 2010
250 ## - EDITION STATEMENT
Edition statement 1st edition
260 ## - PUBLICATION, DISTRIBUTION, ETC.
Place of publication, distribution, etc. London
Name of publisher, distributor, etc. RICS
Date of publication, distribution, etc. 2013
350 ## - PRICE (NR) (BK AM CF MU VM SE) [OBSOLETE]
Price 45.00
520 ## - SUMMARY, ETC.
Summary, etc. Consisting of a series of 50 'lessons', from theory to application, this book takes readers through the many uses of spreadsheets for real estate valuations, from basic formulas to the advanced applications of functions.
521 ## - TARGET AUDIENCE NOTE
Target audience note Advanced
650 24 - SUBJECT ADDED ENTRY--TOPICAL TERM
Topical term or geographic name entry element EXCEL
650 24 - SUBJECT ADDED ENTRY--TOPICAL TERM
Topical term or geographic name entry element SPREADSHEETS
651 #4 - SUBJECT ADDED ENTRY--GEOGRAPHIC NAME
Geographic name ENGLAND AND WALES
690 ## - LOCAL SUBJECT ADDED ENTRY--TOPICAL TERM (OCLC, RLIN)
Topical term or geographic name as entry element Valuation
9 (RLIN) 6273
942 ## - ADDED ENTRY ELEMENTS (KOHA)
Suppress in OPAC 0
Holdings
Withdrawn status Lost status Source of classification or shelving scheme Damaged status Not for loan Home library Current library Shelving location Date acquired Total Checkouts Full call number Barcode Date last seen Copy number Price effective from Koha item type
    Dewey Decimal Classification     Archives Archives RICS Boxes 05/12/2013   RICS 2013/14 30075047 06/08/2019 1 06/08/2019 Archive
    Dewey Decimal Classification     London London Books 18/09/2013   526.90285 BEN 30075048 06/08/2019 2 06/08/2019 Book
    Dewey Decimal Classification     London London Books 18/09/2013   526.90285 BEN 30075049 06/08/2019 3 06/08/2019 Book